[Event "Warsaw YMCA Autumn-D 223rd"]
[Site "Warsaw"]
[Date "2019.12.03"]
[Round "12"]
[White "Sarnecki, Rafal"]
[Black "Szopa, Andrzej1111"]
[Result "1-0"]
[WhiteElo "1286"]
[BlackElo "1089"]
[PlyCount "70"]
[EventDate "2019.09.19"]
[EventType "tourn"]
[EventRounds "13"]
[EventCountry "POL"]
[SourceTitle "CBM 195 Extra"]
[Source "ChessBase"]
[SourceDate "2020.05.31"]
[SourceVersion "1"]
[SourceVersionDate "2020.05.31"]
[SourceQuality "1"]

1. d4 e6 2. Nf3 d5 3. Bf4 c5 4. e3 h6 5. c3 Nc6 6. Bd3 Bd7 7. Nbd2 Nf6 8. h3 cxd4 9. exd4 Bd6 10. Bxd6 Qb6 11. Qb3 Qd8 12. 0-0 Bc8 13. Bg3 0-0 14. Rfe1 Nh5 15. Bh2 a6 16. Ne5 Qf6 17. Ndf3 Nf4 18. Qc2 Nxd3 19. Qxd3 Ne7 20. Ng4 Qf5 21. Qxf5 Nxf5 22. Nge5 Re8 23. g4 Ne7 24. Nd3 f5 25. Be5 Ng6 26. Kg2 Bd7 27. Nf4 Nxf4+ 28. Bxf4 Rf8 29. Be5 Rf7 30. Nh4 fxg4 31. hxg4 Raf8 32. Re2 Kh7 33. Bd6 Rd8 34. Nf3 Rf6 35. Be5 Rdf8 1-0

[Event "Warsaw YMCA Autumn-D 223rd"]
[Site "Warsaw"]
[Date "2019.09.24"]
[Round "2"]
[White "Przybylik, Alicja"]
[Black "Sarnecki, Rafal"]
[Result "0-1"]
[WhiteElo "1041"]
[BlackElo "1286"]
[PlyCount "120"]
[EventDate "2019.09.19"]
[EventType "tourn"]
[EventRounds "13"]
[EventCountry "POL"]
[SourceTitle "CBM 195 Extra"]
[Source "ChessBase"]
[SourceDate "2020.05.31"]
[SourceVersion "1"]
[SourceVersionDate "2020.05.31"]
[SourceQuality "1"]

1. e4 d6 2. Nf3 Nf6 3. Nc3 g6 4. d4 Bg7 5. Bg5 0-0 6. e5 dxe5 7. dxe5 Ng4 8. Qxd8 Rxd8 9. Bxe7 Rd7 10. Bg5 Nxe5 11. Nxe5 Bxe5 12. Bd2 c6 13. Rb1 Re7 14. Be2 Nd7 15. 0-0 Bxc3 16. Bxc3 Rxe2 17. Rbc1 Nb6 18. Rfd1 Bf5 19. Rd2 Rxd2 20. Bxd2 Rd8 21. Bg5 Re8 22. c3 Re2 23. Bh6 Rxb2 24. Rd1 Nd7 25. Re1 Rb1 26. Rxb1 Bxb1 27. a3 f5 28. Be3 a6 29. f3 Bd3 30. g4 fxg4 31. fxg4 b5 32. Kf2 Kf7 33. Ke1 Ne5 34. g5 Nf3+ 35. Kd1 Nxh2 36. Kd2 Bc4 37. Bf4 Ng4 38. Bd6 Ke6 39. Bb4 Kf5 40. Be7 h6 41. gxh6 Nxh6 42. Ke3 Ng4+ 43. Kd4 Bd5 44. Bd8 Ne5 45. Kc5 Nc4 46. Kb4 g5 47. a4 g4 48. axb5 axb5 49. Bh4 Kf4 50. Kc5 g3 51. Bxg3+ Kxg3 52. Kd4 Kf3 53. Kd3 Be4+ 54. Kd4 Nd2 55. Kc5 Ke3 56. Kb4 Kd3 57. Ka3 Kxc3 58. Ka2 b4 59. Ka1 Kc2 60. Ka2 b3+ 0-1